000 00410nam a2200133 4500
020 _a0618372237
050 _a39.2
_b.B4 2005
100 _aBerresford, Geoffrey
245 _aInstructor's resources manual to accompany Finite Mathematics
_c Geoffrey Berresford, Andrew Rockets, Deana Richmond
300 _a626p.:
650 _bMathematics
700 _a Rockets, Andrew
_a Richmond , Deana
942 _2lcc
_cGEN
999 _c6639
_d6639